The Ethics of Artificial Intelligence: Safeguarding Human Dignity, Social Justice and Environmental Stability in the Age of AI
Popis filozoficko-etických základov skúmaného problému. Analýzy etických problémov na mikro a makro úrovni. Skúmanie etickej úrovne umelej inteligencie vo vzťáhu k životnému prostrediu.
Guardado en:
| Autor principal: | |
|---|---|
| Otros Autores: | |
| Formato: | Capítulo de libro |
| Lenguaje: | inglés |
| Materias: | |
| Etiquetas: |
Sin Etiquetas, Sea el primero en etiquetar este registro!
|
MARC
| LEADER | 00000naa a2200000 4500 | ||
|---|---|---|---|
| 001 | 0311850 | ||
| 005 | 20260303092100.5 | ||
| 041 | 0 | |a eng | |
| 044 | |a PL | ||
| 245 | 1 | 0 | |a The Ethics of Artificial Intelligence: Safeguarding Human Dignity, Social Justice and Environmental Stability in the Age of AI |c Ladislav Mura, Beáta Stehlíková |
| 520 | |a Popis filozoficko-etických základov skúmaného problému. Analýzy etických problémov na mikro a makro úrovni. Skúmanie etickej úrovne umelej inteligencie vo vzťáhu k životnému prostrediu. | ||
| 610 | 2 | 0 | |a inteligencia umelá |
| 610 | 2 | 0 | |a etika |
| 610 | 2 | 0 | |a filozofia |
| 610 | 2 | 0 | |a technológie nové |
| 610 | 2 | 0 | |a udržateľnosť |
| 100 | 1 | |a Mura, Ladislav, 1979- | |
| 700 | 1 | |a Stehlíková, Beáta | |